The Cats of Cats - Statistics

General Stats
  • This quiz has been taken 7 times
  • The average score is 7 of 14
Answer Stats
Hint Answer % Correct
The Glamour Cat Grizabella
80%
The Mystery Cat Macavity
80%
A Curious Cat Rum Tum Tugger
80%
The Theatre Cat Gus
60%
This Cat Burglar Mungojerrie
60%
The Railway Cat Skimbleshanks
60%
The Cat about Town Bustopher Jones
40%
This Cat takes care of the above Jellylorum
40%
The Old Gumbie Cat Jennyanydots
40%
The Magical Cat Mr Mistoffelees
40%
This Wise Elderly Cat Old Deuteronomy
40%
This Other Cat Burglar Rumpelteazer
40%
This Cat became the Lead in the 2019 Movie Victoria
40%
This Cat acts as a Narrator Munkustrap
20%
No matching quizzes found
Score Distribution
Percent of People with Each Score
Percentile by Number Answered
Your Score History
You have not taken this quiz